Sports Quiz

Random Sports or NFL Quiz

Match 'Em Up Blitz - NFL Quiz Stats

 Plays Quiz Updated Nov 6, 2018

Also try: Match 'Em Up Blitz
Challenge
Share
Tweet
Embed
Score 0/40 Timer 07:00
0 Plays Today
% Correct
TEAMS
99.7%
NICKNAME
99.6%
CITY
99.6%
TEAM
68.1%
STARS
68%
PLAYER
67.8%
LAST NAME
67.3%
FIRST NAME
67.3%
TEAMS COMPLETE
67.2%
STARS UNLOCKED
67.1%
POSITION
67%
POSITIONS
66.7%
STARS COMPLETE
66.7%
POSITIONS UNLOCKED
66.6%
STADIUM
66.4%
PLAYER
65.9%
STADIUMS
65.8%
POSITIONS COMPLETE
65.7%
STADIUMS UNLOCKED
65.7%
NICKNAME
65.6%
% Correct
NICKNAMES
64.8%
STADIUMS COMPLETE
64.7%
NICKNAMES UNLOCKED
64.6%
TEAM
61.8%
PLAYER
60.6%
PLAYERS
59.6%
NICKNAMES COMPLETE
59.3%
PLAYERS UNLOCKED
59.3%
SUPER BOWL
56.9%
WINNER
55.4%
TEAM THEY BEAT
54.5%
PLAYERS COMPLETE
54.1%
SUPER BOWL UNLOCKED
54%
PLAYER
42%
RECORD
41.9%
RECORDS
41.4%
SUPER BOWL COMPLETE
40.9%
RECORDS UNLOCKED
40.8%
RECORDS COMPLETE
25.3%
WELL DONE
25.2%

You're not logged in!

Compare scores with friends on all Sporcle quizzes.
OR
Log In

You Might Also Like...

Show Comments

Extras

Top Quizzes Today


Score Distribution

Your Account Isn't Verified!

In order to create a playlist on Sporcle, you need to verify the email address you used during registration. Go to your Sporcle Settings to finish the process.

Report this User

Report this user for behavior that violates our Community Guidelines.

Details: